| 000 | 01395nam a22003737a 4500 | ||
|---|---|---|---|
| 003 | CHAP | ||
| 005 | 20220329141508.0 | ||
| 008 | 971013s1989 r 00010 d | ||
| 010 | _a69040 | ||
| 011 | _a70012 | ||
| 035 | _a79491 | ||
| 040 | _cCHAP | ||
| 090 | _aTesis | ||
| 100 | 0 | 0 |
_aDebernardi de la Vequia, Héctor. _931460 |
| 245 | _aEvaluación del crecimiento y el efecto de diferentes frecuencias y alturas de defoliación en la maleza Sporobulus indicus (Roem & Schult Hitchc) | ||
| 260 |
_aChapingo, Méx. : _bEl autor, _c1989 |
||
| 300 |
_a120 h. _b: ilus.; gráfs. |
||
| 500 | _a32-191 | ||
| 502 | _aTesis (Maestro en Ciencias Esp. en Ganadería) -- CP. Centro de Ganadería | ||
| 590 |
_aALEPH _b10 _c20130110 _lUCH01 _h1407 |
||
| 590 |
_aBATCH-UPD _b10 _c20130110 _lUCH01 _h0418 |
||
| 590 |
_aBATCH-UPD _b10 _c20130110 _lUCH01 _h2255 |
||
| 590 |
_aBATCH-UPD _b10 _c20130410 _lUCH01 _h1548 |
||
| 590 |
_aBATCH-UPD _b10 _c20130914 _lUCH01 _h1741 |
||
| 590 |
_aCONVERSION _b10 _c20130109 _lUCH01 _h1338 |
||
| 650 | 1 | 4 |
_aMalas hierbas _xControl. _970011 |
| 650 | 1 | 4 |
_aSporobulus indicus. _9109265 |
| 710 | 0 |
_aColegio de Postgraduados. Chapingo, Méx. Centro de Ganadería. _925082 |
|
| 901 | _aBK | ||
| 942 | _cTESIS | ||
| 949 |
_bBC _cTES _d-32380 _eTS1 _h22165 _i79491 _si |
||
| 949 |
_bBC _cTES _d-95461 _eTS1 _fc.2 _h22166 _i79491 _si |
||
| 949 |
_bBC _cTES _d-95462 _eTS1 _fc.3 _h22167 _i79491 _si |
||
| 999 |
_c69040 _d69040 |
||